Poder y políticas universitarias en América Latina /
Guardado en:
| Hovedforfatter: | |
|---|---|
| Format: | Texto |
| Fag: | |
| Tags: |
Tilføj Tag
Ingen Tags, Vær først til at tagge denne postø!
|
MARC
| LEADER | 00000 a a2200000 04500 | ||
|---|---|---|---|
| 001 | 10682 | ||
| 003 | |||
| 040 | |||
| 100 | |a Acosta Silva, Adrián | ||
| 245 | |a Poder y políticas universitarias en América Latina / |c Adrián Acosta Silva | ||
| 650 | |a UNIVERSIDADES | ||
| 650 | |a INTERVENCION DEL ESTADO | ||
| 650 | |a POLITICA EDUCATIVA | ||
| 650 | |a ASPECTOS EDUCATIVOS | ||
| 773 | |g número 179; páginas 32-44 | ||
| 999 | |c 21119 |d 21119 | ||
